[Event "GER-ch Youth U16 2020"]
[Site "Willingen"]
[Date "2020.10.21"]
[Round "2.8"]
[White "Pubantz, Jan"]
[Black "Hommel, Niclas"]
[Result "1-0"]
[WhiteElo "2295"]
[BlackElo "2047"]
[Annotator "TA"]
[PlyCount "160"]
[EventDate "2020.10.20"]
[EventType "swiss"]
[EventRounds "7"]
[EventCountry "GER"]
[SourceTitle "playchess.com"]
[Source "ChessBase"]
[SourceQuality "1"]

{[%evp 10,160,14,9,63,65,53,39,59,40,71,39,33,36,33,32,40,41,41,0,2,-8,11,8,44,47,58,22,25,24,25,10,34,25,25,26,44,33,58,20,58,27,39,21,42,6,6,6,6,6,26,7,10,8,81,83,91,96,201,97,99,102,106,98,109,92,115,70,80,72,74,105,102,26,20,14,11,20,14,0,0,0,0,0,0,0,12,8,12,8,22,0,14,16,54,54,54,46,46,43,293,20,20,20,20,20,20,12,12,12,12,12,20,20,24,24,24,24,28,28,40,40,40,40,40,40,40,40,40,40,40,40,40,40,40,40,40,40,40,40,40,28,40,40,40,28,29976,29977,29985,29986,29986,29987,29987]} 1. Nf3 Nf6 2. c4 c5 3. Nc3 d5 4. cxd5 Nxd5 5. e3 Nc6 6. Bb5 a6 {A34: Symmetrical English: 2 Nc3, lines with ...d5.} (6... Nxc3 $11 7. bxc3 e6) 7. Bxc6+ $1 $14 bxc6 8. O-O e6 {White is slightly better.} 9. Qa4 Qc7 {[#]} 10. d4 $146 ({Predecessor:} 10. b3 Bd7 11. Ba3 Nb4 12. Rac1 a5 13. Ne4 Nxa2 14. Rc4 Nb4 15. Nxc5 Bxc5 16. Rxc5 {1-0 (66) Popov,V (2583)-Heinzel,O (2269) Tallinn 2019}) 10... Nb6 11. Qa5 cxd4 12. exd4 Nd5 13. Qxc7 Nxc7 14. Na4 Nd5 15. Ne5 f6 16. Nc4 Rb8 17. b3 Bb4 18. Ba3 a5 19. Bxb4 axb4 20. Rfe1 Ke7 21. Rac1 Bd7 22. Rc2 Rhe8 23. g3 Rb5 24. f4 g6 25. Kf2 Rd8 26. Kf3 Bc8 27. g4 Nc3 28. Nxc3 bxc3 29. Ke3 $36 {[%mdl 2048] White is more active.} h5 30. h3 hxg4 31. hxg4 Rh8 (31... g5 $11) 32. Kd3 $1 $16 Rh4 33. Ne3 ({Of course not} 33. Rxc3 $6 Rxg4 34. a4 Rh5 $11) 33... c5 (33... Rh3 $16) 34. Kxc3 ({Don't do} 34. Rxc3 $6 cxd4 35. Kxd4 (35. Rxc8 dxe3 36. Kxe3 Rd5 $11) 35... e5+ 36. fxe5 fxe5+ 37. Kc4 Rb7 $16) (34. Kc4 $1 $18 {[%cal Rc4b5] is more deadly.} Rb4+ 35. Kxc5) 34... cxd4+ 35. Kxd4 e5+ 36. fxe5 fxe5+ 37. Kc4 Rb8 38. Rg2 Be6+ 39. Kc3 Rh3 40. Kb2 Rb4 41. Nc2 (41. Rge2 $16) 41... Rxg4 $11 42. Rxg4 Bxg4 43. Rxe5+ {[%mdl 4096] Endgame KRB-KRN} Kf6 44. Re1 (44. Rc5 {with more complications.} g5 45. a4 Be6 46. Nd4 Bf7 47. Rf5+) 44... g5 45. a4 Bf3 46. b4 g4 47. Ne3 Rh5 48. Kc3 {White wants to play a5.} Re5 49. Kd3 Ke6 50. b5 Kd7 51. Rg1 Re4 52. Nc4 Kc7 53. a5 Re6 54. Kd4 {a6 is the strong threat.} Rg6 $2 {[#]} ({Black should play} 54... Be2 $14) 55. a6 $2 (55. Rc1 $1 $18 {Black must now prevent Ne5+.} Kb8 56. Ne5) 55... Be2 $1 56. b6+ Rxb6 $1 57. Nxb6 Kxb6 {KR-KB} 58. Ke3 (58. Rg2 {keeps more tension.} Bxa6 59. Rxg4 Kb5 60. Rg5+ Kc6 61. Rg6+) 58... Bxa6 59. Rxg4 Kc5 60. Rg5+ Kb4 61. Kd4 Kb3 62. Ra5 Bc4 63. Ra7 {Rb7+ would kill now.} Bg8 64. Rb7+ Ka2 65. Kc3 Ka1 66. Rg7 Ba2 67. Kc2 Bb1+ 68. Kb3 Ba2+ 69. Kc3 Bb1 70. Rg1 Ka2 71. Rg5 {[%cal Rg5a5]} Ka1 72. Kb3 {White wants to mate with Ra5+.} Ba2+ 73. Ka3 Bb1 74. Rg2 Bd3 75. Ra2+ Kb1 76. Rd2 {Intending Kb3 and mate.} Bc2 77. Rf2 {Threatening mate with Rf1+.} Bd3 $2 {[%mdl 8192] [#]} (77... Kc1 $11) 78. Kb3 $1 {White mates.} Kc1 79. Kc3 Bb5 80. Rf5 Be2 {Av CentiPawn Loss W=-11/B=-26. Weighted=-12/-28} 1-0

[Event "GER-ch Youth U16 2020"]
[Site "Willingen"]
[Date "2020.10.21"]
[Round "2.9"]
[White "Dahl, Christoph"]
[Black "Mainka, Alwin"]
[Result "1/2-1/2"]
[WhiteElo "2262"]
[BlackElo "1954"]
[Annotator "TA"]
[PlyCount "105"]
[EventDate "2020.10.20"]
[EventType "swiss"]
[EventRounds "7"]
[EventCountry "GER"]
[SourceTitle "playchess.com"]
[Source "ChessBase"]
[SourceQuality "1"]

{[%evp 21,105,38,46,35,46,57,42,25,41,10,22,-18,0,-12,-13,-31,-18,-45,0,-8,0,0,31,-29,15,0,0,-12,-20,-29,8,16,70,76,55,66,63,41,118,123,155,114,114,110,122,107,137,117,115,104,141,122,125,8,11,8,18,8,15,10,27,0,4,0,7,0,8,0,0,0,0,0,0,0,0,0,0,-41,0,0,0,-8,-8,-74,-74,-76]} 1. e4 c5 2. Nf3 d6 3. d4 cxd4 4. Nxd4 Nf6 5. Nc3 g6 6. Be3 Bg7 7. f3 Nc6 8. Qd2 O-O 9. Bc4 Bd7 10. O-O-O Rb8 11. Bb3 Na5 12. Bh6 {B77: Sicilian Dragon: Yugoslav Attack, 9 Bc4 sidelines.} b5 13. Bxg7 Kxg7 14. g4 {White is slightly better.} Nc4 15. Bxc4 bxc4 {[#]} 16. b3 $146 ({Predecessor:} 16. h4 Qb6 17. b3 h5 18. g5 Ng8 19. Nde2 cxb3 20. axb3 a5 21. Qd4+ f6 22. Rd3 Qxd4 23. Nxd4 fxg5 24. hxg5 {½-½ (46) Serban,F (2622)-Voll,A (2563) ICCF email 2012}) 16... Qa5 $36 {[%mdl 2048] Black is pushing.} 17. Kb2 Rfc8 18. h4 h5 19. gxh5 Nxh5 20. Rhg1 Rc5 21. Nde2 cxb3 22. cxb3 (22. axb3 $14 Rbc8 23. Rg5 (23. Ra1 Qb6 $11)) 22... Qb4 23. f4 Be6 {[%cal Re6b3] Hoping for ...Bxb3!} 24. Qd4+ Qxd4 25. Rxd4 Kh7 26. Rg5 Rbc8 {[#]} (26... f5 $11) 27. f5 $1 $14 {[%cal Rf5e6][%mdl 512]} Bd7 (27... gxf5 28. Rxh5+) 28. fxg6+ fxg6 {[#]} 29. e5 $1 {[%mdl 512]} R5c6 (29... d5 $14) (29... Rxe5 30. Rxe5) 30. exd6 $16 Rxd6 31. Rxd6 exd6 32. Ra5 Rc7 33. Ra6 Bg4 34. Rxd6 Rf7 35. Nd4 Nf4 36. Nc6 {And now Ne5 would win.} Bf5 37. Nd5 (37. Rd4 $16 Nd3+ 38. Ka3) 37... Nxd5 $11 38. Rxd5 {[%mdl 4096] Endgame KRB-KRN} Be4 39. Rd6 Rf2+ 40. Ka3 Bb1 41. Rd7+ Kh6 42. Nxa7 Rxa2+ 43. Kb4 Rh2 44. Nc6 Rxh4+ 45. Kc5 g5 46. Ne5 Re4 47. Rd6+ Kh5 48. Nf7 Re7 49. Rf6 Ba2 50. Kd6 Rb7 {Strongly threatening ...Rb6+.} 51. Rh6+ Kg4 52. Rh7 (52. Rh2 $11) 52... Rxb3 $17 53. Kc5 {Av CentiPawn Loss W=-15/B=-12. Weighted=-14/-14} 1/2-1/2

[Event "GER-ch Youth U16 2020"]
[Site "Willingen"]
[Date "2020.10.21"]
[Round "2.10"]
[White "Reimer, Philip"]
[Black "Weihrauch, Jakob"]
[Result "1/2-1/2"]
[WhiteElo "1984"]
[BlackElo "2184"]
[Annotator "TA"]
[PlyCount "59"]
[EventDate "2020.10.20"]
[EventType "swiss"]
[EventRounds "7"]
[EventCountry "GER"]
[SourceTitle "playchess.com"]
[Source "ChessBase"]
[SourceQuality "1"]

{[%evp 17,59,-1,2,8,23,0,35,35,35,43,58,25,29,29,113,89,100,25,92,47,64,54,73,64,58,46,59,50,141,60,53,40,50,42,44,52,52,54,89,22,32,19,18,14]} 1. e4 e5 2. Nf3 Nc6 3. Bc4 Bc5 4. c3 Nf6 5. d4 exd4 6. e5 d5 7. Bb5 Ne4 8. cxd4 Bb6 9. Nc3 O-O 10. Be3 {C54: Giuoco Piano: 4 c3 Nf6, main lines with 5 d4 and 5 d3.} Be6 11. Qc2 {[#]} f6 $146 ({Predecessor:} 11... f5 12. Ne2 Qe7 13. Bxc6 bxc6 14. Qxc6 Ba5+ 15. Kf1 Qe8 16. Qxe8 Rfxe8 17. g3 Rab8 {1-0 (48) Rostgaard,T (2386)-Vasova,M (2180) Aarhus 2018}) 12. Bxc6 {White is slightly better.} bxc6 13. O-O c5 14. dxc5 Nxc5 15. Rad1 c6 (15... fxe5 $1 $11 16. Nxe5 Qd6) 16. Bxc5 $16 Bxc5 {[#]} 17. Ne4 ({White should play} 17. Na4 $1 $16 Bb6 18. Qxc6) 17... Bf5 (17... Bb6 $1 $11 {remains equal.} 18. Qxc6 Qe8 19. Qxe8 Raxe8) 18. Qxc5 Bxe4 19. Nd4 {Hoping for f3.} Qb6 20. Qxb6 axb6 21. f3 Bg6 $1 22. Nxc6 fxe5 {[#]} (22... Rxa2 $14 23. b4 (23. Rxd5 fxe5 24. b4 Rb2 $16) 23... fxe5) 23. Ne7+ ({Don't do} 23. Nxe5 $6 Rxa2 24. Nd7 (24. Rxd5 Rxb2 25. Rd6 b5 $11) (24. Nxg6 hxg6 25. Rxd5 Rxb2 $14) 24... Re8 $16) (23. a3 $1 $16) 23... Kf7 $14 24. Nxg6 Kxg6 25. Rxd5 Rxa2 {KRR-KRR} 26. Rb5 Rf6 27. Re1 Rc6 28. Kf1 ({Much worse is} 28. Rbxe5 $6 Rxb2 29. R5e2 Rb3 $11) (28. Rexe5 $16 Rc2 29. Rxb6+ Kf7 30. h4) 28... Kf6 29. Re2 Re6 30. Kf2 {Av CentiPawn Loss W=-19/B=-22. Weighted=-23/-24} 1/2-1/2

[Event "GER-ch Youth U16 2020"]
[Site "Willingen"]
[Date "2020.10.21"]
[Round "2.11"]
[White "Hinrichs, Paul"]
[Black "Müller, Magnus"]
[Result "1-0"]
[WhiteElo "2168"]
[BlackElo "2030"]
[Annotator "TA"]
[PlyCount "45"]
[EventDate "2020.10.20"]
[EventType "swiss"]
[EventRounds "7"]
[EventCountry "GER"]
[SourceTitle "playchess.com"]
[Source "ChessBase"]
[SourceQuality "1"]

{[%evp 20,45,0,0,0,0,0,-23,-36,-61,-79,-94,-82,-81,-79,-85,-90,-97,-88,-86,-75,-89,233,237,229,233,1922,1828]} 1. d4 Nf6 2. c4 e6 3. Nc3 Bb4 4. e3 O-O 5. Bd3 c5 6. Nf3 d5 7. O-O cxd4 8. exd4 dxc4 9. Bxc4 b6 10. Bg5 Bb7 11. Rc1 h6 {E54: Nimzo-Indian: Rubinstein: Main Line: 7...dxc4 8 Bxc4.} 12. Bh4 Nc6 {[#]} 13. d5 $146 ({Predecessor:} 13. a3 Be7 14. Ba2 Nh5 15. Bg3 Nxg3 16. hxg3 Bf6 17. d5 exd5 18. Qxd5 Qxd5 19. Nxd5 Rac8 20. Nxf6+ gxf6 21. Rfe1 Rfd8 {½-½ (45) Korobov,A (2688)-Huschenbeth,N (2612) Karlsruhe 2020}) 13... Na5 $1 {[%csl LRc4,LRd5] Black has an edge.} 14. Ne4 {Threatens to win with Bxf6.} Be7 $1 ({Don't go for} 14... Bxd5 $2 15. Bxf6 gxf6 16. Bxd5 $16) (14... exd5 $2 15. Nxf6+ gxf6 16. Bd3 $18) 15. Nxf6+ Bxf6 16. dxe6 Qxd1 ({Reject} 16... Bxh4 $6 17. exf7+ Kh7 18. Qc2+ (18. Nxh4 Qxh4 19. Be6 Rad8 $19 {[%mdl 64] Decoy}) 18... g6 19. Ne5 $11) 17. exf7+ Kh8 $1 18. Rfxd1 {Be2 is the strong threat.} Bxf3 $1 19. gxf3 {Hoping for Bd5.} Bxh4 20. Bd5 {[#]} Bg5 $2 {[%mdl 8192]} (20... Rab8 $1 $17 {keeps the pressure on.} 21. Rc7 b5) 21. Bxa8 $18 Bxc1 22. Rxc1 Rxa8 $2 {[#]} (22... Rxf7 23. Be4 g6 24. Bxg6 Rxf3) 23. Re1 $1 {Av CentiPawn Loss W=-16/B=-119. Weighted=-23/-112} 1-0

[Event "GER-ch Youth U16 2020"]
[Site "Willingen"]
[Date "2020.10.21"]
[Round "2.12"]
[White "Zackrisson, Peter"]
[Black "Lohr, Maximilian"]
[Result "1-0"]
[WhiteElo "1947"]
[BlackElo "2108"]
[Annotator "TA"]
[PlyCount "58"]
[EventDate "2020.10.20"]
[EventType "swiss"]
[EventRounds "7"]
[EventCountry "GER"]
[SourceTitle "playchess.com"]
[Source "ChessBase"]
[SourceQuality "1"]

{[%evp 16,58,20,-4,0,0,-7,1,23,-9,-2,0,-4,-15,78,0,29,30,118,124,122,138,115,132,139,118,118,127,143,143,275,230,237,229,221,225,225,238,194,138,260,245,1104,1097,29999]} 1. e4 c5 2. Nf3 d6 3. d4 cxd4 4. Nxd4 Nf6 5. Nc3 a6 6. Bg5 e6 7. f4 Qb6 8. Nb3 Nbd7 9. Qd2 (9. Qe2 {is more complex.} Qc7 10. O-O-O b5 11. a3 Be7 12. g4) 9... Qc7 {B97: Sicilian Najdorf: Poisoned Pawn.} 10. O-O-O b5 {Black wants to play ...b4.} 11. a3 Bb7 {The position is equal.} 12. Bd3 Be7 13. Rhg1 Rc8 14. g4 {[#]} Nb6 $146 (14... h6 $11 {keeps the balance.} 15. Bh4 d5 16. exd5 Nxd5 17. Nxd5 Bxd5 18. Bxe7 Kxe7 19. Qb4+ Nc5 20. Nxc5 Qxc5) ({Predecessor:} 14... Nc5 15. Nxc5 dxc5 16. e5 b4 17. Bb5+ axb5 18. Nxb5 Qd7 19. exf6 Qxd2+ 20. Rxd2 gxf6 {½-½ (43) Nopin,V (2162)-Nadeev,S (2436) ICCF email 2018}) 15. Qe1 (15. Bxf6 $5 gxf6 16. f5 $11) 15... h6 16. Bh4 d5 (16... e5 $11) 17. e5 $16 Ne4 {[#] ...Bxh4 is the strong threat.} 18. Bxe7 $1 Qxe7 19. Bxe4 dxe4 20. Nxe4 Bxe4 21. Qxe4 Nc4 22. Rg3 b4 (22... g5 $16) 23. axb4 Qxb4 24. Rc3 {[#] Threatens to win with Rd4.} Qb5 25. Rd4 Nb6 26. Rxc8+ Nxc8 27. Rd3 ({White should play} 27. c4 $18 Qb6 28. c5) 27... Nb6 (27... O-O $16 28. Nd4 Qa5) 28. Nd4 $18 Qd5 $2 (28... Qa4 29. Ra3 Qc4) 29. Nc6 Qd8 {Av CentiPawn Loss W=-8/B=-117. Weighted=-12/-154} 1-0

[Event "GER-ch Youth U16 2020"]
[Site "Willingen"]
[Date "2020.10.21"]
[Round "3.1"]
[White "Köllner, Ruben Gideon"]
[Black "Boder, Jan"]
[Result "1-0"]
[WhiteElo "2337"]
[BlackElo "2155"]
[Annotator "TA"]
[PlyCount "103"]
[EventDate "2020.10.20"]
[EventType "swiss"]
[EventRounds "7"]
[EventCountry "GER"]
[SourceTitle "playchess.com"]
[Source "ChessBase"]
[SourceQuality "1"]

{[%evp 9,103,20,27,0,0,15,26,7,37,31,43,18,50,45,48,8,29,15,33,15,18,15,29,26,29,32,40,0,58,24,41,47,47,-45,-45,-62,0,0,0,0,0,0,76,61,93,62,132,115,132,130,214,233,207,248,245,235,235,232,264,258,220,225,341,340,527,482,489,368,327,267,248,239,325,345,318,309,29971,29974,29973,29970,29975,29968,29980,29981,29983,29984,29985,29986,29986,29987,29989,29990,29990,29991,29991,29990]} 1. d4 Nf6 2. Bg5 c5 3. Bxf6 gxf6 4. d5 f5 5. c4 Bg7 6. Nc3 {A45: Trompowsky Attack.} Bxc3+ 7. bxc3 d6 8. e3 {White has an edge.} Nd7 9. Nf3 Nf6 10. Qc2 Rg8 11. g3 Qa5 12. Nd2 {[#]} e5 $146 ({Predecessor:} 12... Bd7 13. Bg2 O-O-O 14. Rb1 h5 15. h4 Kb8 16. Rb2 a6 17. Qb3 Qc7 18. Ke2 Ka7 {½-½ (25) Yakubboev,N (2512)-Adhiban,B (2671) Hamedan 2018}) 13. Bh3 Rg5 14. O-O Rh5 $1 {[%cal Rh5h3]} 15. Bg2 Bd7 16. Rfb1 Qc7 17. Rb2 Kf8 18. Rab1 Rb8 (18... b6 $11) 19. Bf1 f4 20. exf4 exf4 21. Ne4 (21. Re1 $14) 21... Bf5 $1 $15 {[%cal Rf5e4]} 22. Bd3 Ng4 ({Black should play} 22... Nxe4 $1 $15 23. Bxe4 Bg6) 23. Qd1 Qe7 $1 24. Qf3 {Hoping for Re2.} (24. gxf4 $2 Qh4 $19) 24... Bxe4 25. Bxe4 Nf6 (25... fxg3 $1 $11 26. fxg3 (26. Qxg4 gxh2+ 27. Kh1 Rh4 $19) 26... Re5 27. Bxh7 (27. Qxg4 Rxe4 28. Qh5 Re1+ 29. Rxe1 Qxe1+ {[%mdl 64] Double Attack} 30. Kg2 Re8 $11) 27... Re1+ 28. Kg2 Ne3+ 29. Kf2 Rxb1 30. Rxb1 Re8) 26. Bd3 $36 {[%mdl 2048] White is pushing.} fxg3 {White leaves nothing to chance now.} 27. hxg3 (27. Qxg3 $6 Ne4 $11) 27... b6 ({Better is} 27... Kg7 $14) 28. Re2 Re5 29. Rbe1 $1 Nd7 (29... Re8 $16) 30. Qf4 $1 $18 {[%cal Rf4h6] Qh6+ is the strong threat.} ({Resist} 30. Bxh7 $6 Rxe2 31. Rxe2 Qg5 $16) 30... Qf6 31. Rxe5 ({Weaker is} 31. Bxh7 Qxf4 32. gxf4 Rxe2 $14) 31... dxe5 {[#]} 32. Qg4 $1 {[%cal Rg4d7]} Rd8 33. Bf5 Qd6 34. Bxd7 ({But not} 34. Bxh7 $6 Qh6 $18) 34... Rxd7 {[%mdl 4096] Endgame KQR-KQR} 35. Qf5 Re7 (35... f6 $142 36. Re4 Rc7) 36. Qxh7 {[%cal Rh7h8]} Qg6 (36... Ke8 {was necessary.} 37. Qh8+ Kd7) 37. Qh8+ {[%mdl 64] Double Attack} Qg8 38. Qh6+ Qg7 39. Qc6 {Strongly threatening d6.} Qg4 40. Qf6 Qg6 41. Qxg6 fxg6 42. f4 exf4 $2 {[#]} (42... e4 $18 43. Kf2 Rh7 44. Rxe4 Rh1) 43. Rxe7 $1 {White mates.} Kxe7 44. gxf4 {KP-KP} Kf6 45. Kf2 g5 46. Kf3 gxf4 47. Kxf4 Ke7 48. Ke5 Kd7 49. d6 Kd8 50. Ke6 Ke8 51. d7+ Kd8 52. Kd6 {Av CentiPawn Loss W=-11/B=-42. Weighted=-8/-38} 1-0

[Event "GER-ch Youth U16 2020"]
[Site "Willingen"]
[Date "2020.10.21"]
[Round "3.2"]
[White "Kolb, Tobias"]
[Black "Sulayev, Daniel"]
[Result "1-0"]
[WhiteElo "2268"]
[BlackElo "2193"]
[Annotator "TA"]
[PlyCount "63"]
[EventDate "2020.10.20"]
[EventType "swiss"]
[EventRounds "7"]
[EventCountry "GER"]
[SourceTitle "playchess.com"]
[Source "ChessBase"]
[SourceQuality "1"]

{[%evp 23,63,55,76,81,73,52,102,20,24,31,15,22,31,16,72,59,61,68,79,62,64,56,43,0,9,0,0,0,228,210,518,515,493,497,502,485,1089,1027,1001,977,1049,986]} 1. d4 g6 2. c4 c5 3. d5 Bg7 4. Nf3 d6 5. e4 Nf6 6. Nc3 O-O 7. h3 e6 8. Bd3 exd5 9. exd5 Re8+ 10. Be3 Bh6 11. O-O Bxe3 12. fxe3 Qe7 13. e4 {E90: King's Indian: Classical: Early deviations and 6 h3.} Nbd7 14. Rf2 a6 15. a4 ({White should play} 15. Qd2 $16) 15... Rf8 $11 16. Qd2 Ne5 17. Nxe5 Qxe5 18. a5 Bd7 (18... Nd7 $11) 19. Qf4 $16 Qxf4 20. Rxf4 Kg7 21. Raf1 $36 {[%mdl 2048] White has some pressure.} Ng8 {[#]} 22. Bc2 $146 ({Predecessor:} 22. Rb1 b5 23. axb6 Rfb8 24. b4 Rxb6 25. bxc5 Rxb1+ 26. Nxb1 dxc5 27. Rf2 Rb8 28. Ra2 {1-0 (45) Cernousek,L (2455)-Tazbir,M (2555) Czechia 2013}) 22... Rae8 23. h4 f6 24. Ba4 Bxa4 25. Nxa4 g5 $2 (25... Re7 $11) 26. hxg5 $18 fxg5 $2 (26... h6) 27. Rxf8 {White is clearly winning.} Rxf8 {[#] KRN-KRN} 28. e5 $1 {[%mdl 512]} dxe5 29. Nxc5 {Black must now prevent Ne6+.} Rc8 (29... Re8 $142 30. d6 Nf6) 30. d6 Nf6 31. Ne6+ Kf7 32. d7 {Av CentiPawn Loss W=-19/B=-67. Weighted=-21/-63} 1-0

[Event "GER-ch Youth U16 2020"]
[Site "Willingen"]
[Date "2020.10.21"]
[Round "3.3"]
[White "Pahl, Erik"]
[Black "Fromm, Marius"]
[Result "1/2-1/2"]
[WhiteElo "2097"]
[BlackElo "2190"]
[Annotator "TA"]
[PlyCount "42"]
[EventDate "2020.10.20"]
[EventType "swiss"]
[EventRounds "7"]
[EventCountry "GER"]
[SourceTitle "playchess.com"]
[Source "ChessBase"]
[SourceQuality "1"]

{[%evp 16,42,8,6,14,0,11,7,14,13,20,3,8,14,11,0,0,0,0,0,28,0,0,0,28,0,0,0,19]} 1. e4 e5 2. Nf3 Nc6 3. Bb5 a6 4. Ba4 Nf6 5. O-O Be7 6. d3 b5 7. Bb3 d6 8. a3 O-O 9. Nc3 Bb7 {C77: Ruy Lopez: 3...a6 4 Ba4 Nf6, unusual lines.} 10. Bd2 {10.Ne2 is the modern continuation.} Qd7 11. Re1 Rfe8 12. Nd5 Nxd5 {[#]} 13. exd5 $146 ({Predecessor:} 13. Bxd5 Nd8 14. d4 Bxd5 15. exd5 f6 16. a4 Nf7 17. c4 bxc4 18. Qc2 Bf8 19. dxe5 dxe5 20. Qxc4 {½-½ (32) Perez Candelario,M (2621)-Mareco,S (2633) Linares 2019}) 13... Nd4 14. Nxd4 exd4 15. Qf3 Bf6 16. Rxe8+ Rxe8 17. a4 Ra8 18. Qe4 Re8 19. Qf3 Ra8 20. Qe4 Re8 21. Qf3 Ra8 {Not much happened in this game. Av CentiPawn Loss W=-7/B=-8. Weighted=-8/-10} 1/2-1/2

[Event "GER-ch Youth U16 2020"]
[Site "Willingen"]
[Date "2020.10.21"]
[Round "3.4"]
[White "Dobrikov, Marco"]
[Black "Kölle, Tobias"]
[Result "0-1"]
[WhiteElo "2332"]
[BlackElo "2323"]
[Annotator "TA"]
[PlyCount "100"]
[EventDate "2020.10.20"]
[EventType "swiss"]
[EventRounds "7"]
[EventCountry "GER"]
[SourceTitle "playchess.com"]
[Source "ChessBase"]
[SourceQuality "1"]

{[%evp 12,100,11,5,33,25,27,14,14,0,0,0,11,2,14,12,8,0,8,0,5,5,2,16,16,10,3,14,7,0,0,0,0,0,0,-24,-13,-32,-35,-151,-68,-70,-94,-58,-91,-65,-35,-161,-161,-161,-168,-169,-168,-222,-211,-204,-233,-226,-216,-203,-210,-302,-115,-264,-270,-687,-662,-716,-709,-626,-461,-626,-626,-892,-889,-876,-862,-841,-970,-970,-958,-809,-960,-936,-927,-906,-866,-1487,-1374,-1245,-1214]} 1. e4 c5 2. Nf3 d6 3. d4 cxd4 4. Nxd4 Nf6 5. Nc3 a6 6. h3 e5 7. Nde2 h5 {B90: Sicilian Najdorf: Unusual White 6th moves, 6 Be3 Ng4 and 6 Be3 e5.} 8. Bg5 Be6 9. Bxf6 Qxf6 {The position is equal.} 10. Nd5 Qd8 11. Qd3 Nd7 12. O-O-O g6 13. Kb1 Nc5 14. Qa3 b5 15. Nec3 Bg7 16. h4 O-O 17. f3 f5 18. Be2 f4 19. b4 Nb7 {[%cal Bc5b7,Bb7a5,Ba5c6,Bc6d4,Bd4e2][%mdl 32] [#]} 20. Qb3 $146 ({Predecessor:} 20. Qb2 Kh7 21. Rdg1 Rf7 22. g4 hxg4 23. Rxg4 Bxg4 24. fxg4 f3 25. Bf1 a5 26. a3 {½-½ (40) Roques,P (2389)-Piacun,E (2332) ICCF email 2018}) 20... Rf7 21. a4 bxa4 22. Nxa4 Rb8 23. Bxa6 Na5 $1 {[%cal Ra5b3]} 24. Qc3 Ra7 {[%mdl 1024] Black has compensation.} 25. Be2 (25. Kc1 $1 $15 Rxa6 26. bxa5) 25... Rc8 (25... Kh7 $1 $17) 26. Qb2 $15 Nc6 $1 27. Nac3 Nd4 {Hoping for ...Bxd5.} 28. Bd3 Rca8 29. Kc1 {[#] Black continues to play with concentration.} (29. b5 $1 $15) 29... Bxd5 $1 $19 {[%mdl 64] Overworked Piece} 30. Nxd5 Ra2 {...Kh8 is the strong threat.} 31. Qc3 {[#]} Rxc2+ $1 {[%mdl 576] Deflection} 32. Bxc2 (32. Qxc2 $142 Nxc2 33. Bxc2) 32... Ne2+ {[%mdl 64] Double Attack} 33. Kb2 Nxc3 34. Kxc3 {[#]} Bf6 $1 35. Bb3 Kg7 36. Ra1 (36. Bc4 $142) 36... Rc8+ $2 (36... Bxh4 $19 37. Bc4 (37. Rxa8 $2 Qxa8 38. Rb1 Qa7 $19) 37... Rxa1 38. Rxa1 Bf2) 37. Kd2 (37. Bc4 $17 {might work better.}) 37... Bxh4 {Threatens to win with ...Qg5.} 38. Rhc1 $2 (38. Ra2) 38... Rxc1 {Black is clearly winning.} 39. Kxc1 Bf2 40. Ra2 Bd4 41. Rc2 Qh4 {[%cal Rh4e1]} 42. Rc7+ Kh6 43. Bd1 Qe1 44. Rc2 Be3+ 45. Nxe3 Qxe3+ {KQ-KRB} 46. Kb2 Qd4+ 47. Kc1 Qxb4 48. Be2 Qa3+ 49. Kd1 Qa1+ 50. Kd2 Qg1 {Av CentiPawn Loss W=-36/B=-9. Weighted=-31/-19} 0-1

[Event "GER-ch Youth U16 2020"]
[Site "Willingen"]
[Date "2020.10.21"]
[Round "3.5"]
[White "Khachatryan, Taron"]
[Black "Pubantz, Jan"]
[Result "0-1"]
[WhiteElo "2136"]
[BlackElo "2295"]
[Annotator "TA"]
[PlyCount "92"]
[EventDate "2020.10.20"]
[EventType "swiss"]
[EventRounds "7"]
[EventCountry "GER"]
[SourceTitle "playchess.com"]
[Source "ChessBase"]
[SourceQuality "1"]

{[%evp 10,92,16,16,12,16,8,18,12,2,14,4,6,-85,-68,-115,-39,-42,-34,-59,-71,-69,-55,-139,-135,-144,-87,-97,-95,-88,-41,-42,-47,-83,-62,-72,-84,-69,-64,-55,-61,-66,-55,-136,-113,-117,-121,-116,-114,-133,-139,-170,-170,-169,-167,-186,-186,-225,-213,-259,-212,-212,-208,-210,-211,-247,-197,-321,-270,-377,-372,-362,-359,-347,-322,-917,-532,-704,-698,-693,-685,-707,-681,-1282,-955]} 1. d4 d5 2. c4 c6 3. Nf3 Nf6 4. Qc2 dxc4 5. Qxc4 Bg4 6. Nbd2 Nbd7 {D23: Queen's Gambit Accepted: 3 Nf3 Nf6 sidelines.} 7. g3 e6 8. Bg2 Be7 {The position is equal.} 9. O-O O-O 10. b3 Rc8 11. Ne5 {[#]} (11. Bb2 $11) 11... b5 $146 {[%mdl 2048] White is under pressure.} ({Predecessor:} 11... Bh5 12. e3 Nxe5 13. dxe5 Nd7 14. f4 Nc5 15. Ne4 Nd3 16. Qc2 Nxc1 17. Raxc1 Qb6 {½-½ (36) Reinderman,D (2575)-Van Wely,L (2610) Amstelveen 2019}) 12. Qc2 Nxe5 (12... Bxe2 $17 13. Re1 Nxe5 14. dxe5 Bd3) 13. dxe5 $15 Nd7 14. f3 Bh5 (14... Nxe5 $6 15. fxg4 Qd4+ 16. Kh1 $16) 15. Bb2 Qc7 16. Qe4 (16. Qc3 $15) 16... Bg6 $17 17. Qf4 {[#]} f6 ({Black should try} 17... Nb6 $1 18. Rac1 Nd5) 18. exf6 {aiming for Qxc7.} Qxf4 ({Reject} 18... Bxf6 $6 19. Qxc7 Rxc7 20. Bxf6 $11) 19. gxf4 Bxf6 20. Bxf6 Nxf6 21. Bh3 Bf5 22. Bxf5 exf5 23. Kf2 Rfd8 24. Rfd1 Nd5 25. Nf1 Nxf4 26. Rdc1 {Black continues to play with concentration.} (26. Rac1 $15) 26... Ne6 27. b4 c5 28. bxc5 Nxc5 29. Rd1 Kf7 30. Rac1 {And now Rxd8 would win.} Rxd1 31. Rxd1 $19 {[%mdl 4096] Endgame KRN-KRN} Ke6 32. Ne3 Na4 33. Ng2 Nc3 34. Nf4+ Ke5 35. Nd3+ Kf6 36. Rd2 a5 37. Nf4 Rc5 38. e3 (38. h4 $142) 38... g5 39. Nh5+ Kg6 40. Ng3 Rd5 41. Rc2 b4 {[%cal Bb5b4,Bb4b3,Bb3b2][%mdl 32]} 42. a3 $2 (42. e4 fxe4 43. Nxe4) 42... Nd1+ {Black is clearly winning.} 43. Ke2 b3 44. Rc6+ Kf7 {Strongly threatening ...b2.} 45. Rb6 Nc3+ 46. Kf2 {[#]} b2 $1 {[%mdl 512] Av CentiPawn Loss W=-57/B=-28. Weighted=-51/-33} 0-1